Normal view
MARC view
- . مؤلف/الهويدي،زيد مراجع /العمري،وليد مترجم،chris kyriacou
Entry Personal Name
001 - CONTROL NUMBER
- control field: 23294
003 - CONTROL NUMBER IDENTIFIER
- control field: JO-AjAnu
005 - DATE AND TIME OF LATEST TRANSACTION
- control field: 20230606074016.0
008 - FIXED-LENGTH DATA ELEMENTS
- fixed length control field: 230606|| aca||aabn | a|a d
040 ## - CATALOGING SOURCE
- Original cataloging agency: JO-AjAnu
- Transcribing agency: JO-AjAnu
100 ## - HEADING--PERSONAL NAME
- Personal name: . مؤلف/الهويدي،زيد مراجع /العمري،وليد مترجم،chris kyriacou
670 ## - SOURCE DATA FOUND
- Source citation: Work cat.: (JO-AjAnu)11971: . مؤلف/الهويدي،زيد مراجع /العمري،وليد مترجم،chris kyriacou, author, التعليم الفعال في المدارس بين النظرية والتطبيق= Effective Teaching in Schools